Tribhuvan University Central Library

Principles of genetics (Record no. 32986)

MARC details
000 -LEADER
fixed length control field 005750000a22002650004500
082 ## - DEWEY DECIMAL CLASSIFICATION NUMBER
Classification number 576.5
Item number T15p
020 ## - INTERNATIONAL STANDARD BOOK NUMBER
International Standard Book Number 0-07-233419-3
041 ## - LANGUAGE CODE
Language code of text/sound track or separate title Eng
100 ## - MAIN ENTRY--PERSONAL NAME
Personal name tamarin, Robert H.
245 ## - TITLE STATEMENT
Title Principles of genetics
250 ## - EDITION STATEMENT
Edition statement 7th ed.
260 ## - PUBLICATION, DISTRIBUTION, ETC. (IMPRINT)
Place of publication, distribution, etc New Delhi
Name of publisher, distributor, etc McGraw Hill, India
260 ## - PUBLICATION, DISTRIBUTION, ETC. (IMPRINT)
Date of publication, distribution, etc 2002
300 ## - PHYSICAL DESCRIPTION
Extent xvi, 609p.
518 ## - DATE/TIME AND PLACE OF AN EVENT NOTE
Date/time and place of an event note 20050104
530 ## - ADDITIONAL PHYSICAL FORM AVAILABLE NOTE
Additional physical form available note M
650 ## - SUBJECT ADDED ENTRY--TOPICAL TERM
Topical term or geographic name as entry element Genetics
650 ## - SUBJECT ADDED ENTRY--TOPICAL TERM
Topical term or geographic name as entry element Sex
650 ## - SUBJECT ADDED ENTRY--TOPICAL TERM
Topical term or geographic name as entry element Bacteria
650 ## - SUBJECT ADDED ENTRY--TOPICAL TERM
Topical term or geographic name as entry element Viruses
650 ## - SUBJECT ADDED ENTRY--TOPICAL TERM
Topical term or geographic name as entry element Molecular biology
650 ## - SUBJECT ADDED ENTRY--TOPICAL TERM
Topical term or geographic name as entry element Cytogenetics
650 ## - SUBJECT ADDED ENTRY--TOPICAL TERM
Topical term or geographic name as entry element Biotechnology
942 ## - ADDED ENTRY ELEMENTS (KOHA)
Koha item type General Collections
Holdings
Withdrawn status Lost status Damaged status Not for loan Home library Current library Date acquired Total Checkouts Barcode Date last seen Price effective from Source of classification or shelving scheme Shelving location Total Renewals Full call number Checked out Date checked out Koha item type
        Tribhuvan University Central Library Tribhuvan University Central Library 06/20/2010   126696 06/20/2010 06/20/2010              
        Tribhuvan University Central Library Tribhuvan University Central Library 06/20/2010   126697 06/20/2010 06/20/2010              
        Tribhuvan University Central Library Tribhuvan University Central Library 06/20/2010   126698 06/20/2010 06/20/2010              
        Tribhuvan University Central Library Tribhuvan University Central Library 06/27/2014 14 G61406 08/15/2025 06/27/2014 Dewey Decimal Classification New Building 20 576.5 T15p 09/05/2025 08/15/2025 General Collections